Fundamentals of soil science
Guardat en:
| Autor principal: | |
|---|---|
| Format: | Llibre |
| Idioma: | Undetermined |
| Publicat: |
New York
John Wiley & Sons
1990
|
| Matèries: | |
| Etiquetes: |
Afegir etiqueta
Sense etiquetes, Sigues el primer a etiquetar aquest registre!
|
| Thư viện lưu trữ: | Trung tâm Học liệu Trường Đại học Cần Thơ |
|---|
| LEADER | 00477nam a2200181Ia 4500 | ||
|---|---|---|---|
| 001 | CTU_30188 | ||
| 008 | 210402s9999 xx 000 0 und d | ||
| 082 | |a 631.4 | ||
| 082 | |b F759/8th | ||
| 100 | |a Foth, Henry D. | ||
| 245 | 0 | |a Fundamentals of soil science | |
| 245 | 0 | |c Henry D. Foth | |
| 260 | |a New York | ||
| 260 | |b John Wiley & Sons | ||
| 260 | |c 1990 | ||
| 650 | |a Soil science | ||
| 904 | |i Liên, 990316 | ||
| 980 | |a Trung tâm Học liệu Trường Đại học Cần Thơ | ||